Monitorovacia stanica rádioaktivity v oblasti Bratislava - Mlynská dolina
Gespeichert in:
| 1. Verfasser: | |
|---|---|
| Weitere Verfasser: | |
| Format: | Manuskript Buch |
| Sprache: | Slowakisch |
| Veröffentlicht: |
2015
|
| Schlagworte: | |
| Online-Zugang: | http://is.stuba.sk/zp/portal_zp.pl?podrobnosti=111811 |
| Tags: |
Keine Tags, Fügen Sie das erste Tag hinzu!
|
MARC
| LEADER | 00000ntm a22000003a 4500 | ||
|---|---|---|---|
| 001 | stuzp49395 | ||
| 003 | SK-STU | ||
| 005 | 20160719153248.8 | ||
| 007 | ta | ||
| 008 | 150427s2015----xo-----f-mn---000-0-slo-d | ||
| 040 | |a STU |b slo | ||
| 041 | 0 | |a slo | |
| 100 | 1 | |a Čajkovič, Peter |u 035000 |4 aut |U FEI Fakulta elektrotechniky a informatiky |T FEI Ústav informatiky a matematiky |X 5908 |U E050 |Y 816 |7 A000005908 | |
| 242 | 0 | 1 | |a Radioactivity monitoring station located in Bratislava - Mlynska dolina |y eng |
| 245 | 1 | 0 | |a Monitorovacia stanica rádioaktivity v oblasti Bratislava - Mlynská dolina |
| 260 | |c 2015 | ||
| 300 | |a 73 s., príl. |b CD-ROM | ||
| 650 | 4 | |a ionizujúce žiarenie |2 slo | |
| 650 | 4 | |a meranie |2 slo | |
| 650 | 4 | |a databáza |2 slo | |
| 650 | 4 | |a Monitorovací systém |2 slo | |
| 650 | 4 | |a web stránka |2 slo | |
| 650 | 4 | |a digitalizácia |2 slo | |
| 650 | 4 | |a PHP |2 slo | |
| 650 | 4 | |a Raspberry Pi |2 slo | |
| 650 | 4 | |a monitoring system |2 eng | |
| 650 | 4 | |a radiation |2 eng | |
| 650 | 4 | |a database |2 eng | |
| 650 | 4 | |a web page |2 eng | |
| 650 | 4 | |a PHP |2 eng | |
| 650 | 4 | |a measuring |2 eng | |
| 650 | 4 | |a digitalization |2 eng | |
| 650 | 4 | |a Raspberry Pi |2 eng | |
| 700 | 1 | |a Vitázek, Klement |4 ths |X 1844 |7 A000001844 | |
| 856 | 4 | |u http://is.stuba.sk/zp/portal_zp.pl?podrobnosti=111811 | |
| 996 | |b 284EP11168 |c E*DIPL- 11168 |l EE35 |s P |a 0 |w stuzp49395_0001 | ||
| SQL | |a stuzp49395 |b DDP |c SLO |d Monitorovacia stanica rádioaktivity v oblasti Bratislava - Mlynská dolina |e 5908 |f Čajkovič, Peter |g 035000 |h 1844 |i Vitázek, Klement |j 20150617 |k 359 |l 03 |m http://is.stuba.sk/zp/portal_zp.pl?podrobnosti=111811 |n I-API |o 9.2.9. aplikovaná informatika | ||